| 000 | 00000nam##2200000za#4500 |
| 001 | 9.679452 |
| 003 | CaOODSP |
| 005 | 20200328192531 |
| 007 | ta |
| 008 | 150407|1994||||xxc||||| f|0| 0 fre|d |
| 020 | |a0-660-94941-5 |
| 040 | |aCaOODSP|bfre |
| 043 | |an-cn--- |
| 086 | 1 |aA53-1906/1995F |
| 110 | 1 |aCanada. |bAgriculture et agroalimentaire Canada. |bDirection générale de la recherche. |
| 245 | 13|aLa santé de nos sols : |bvers une agriculture durable au Canada / |cPréparé sous la direction de D. F. Acton et L. J. Gregorich. Publié par le Centre de recherches sur les terres et les ressources. |
| 260 | |aOttawa - Ontario : |bAgriculture et Agroalimentaire Canada. |c1994. |
| 300 | |axiv, 138p.|bfigures en couleur, graphiques, références, tableaux |
| 500 | |aSommaire: Introduction.--Comprendre la santé des sols.--Le développement et les effets de l'agriculture au Canada.--Un cadre géographique pour l'évaluation de la qualité du sol.--Lieux témoins destinés à la surveillance de la qualité des sols agricoles.--Modification de la matière organique du sol.--Modification de la structure du sol.--Érosion.--Salinisation du sol.--Contamination des sols agricoles.--Contamination agrochimique des eaux souterraines.--Résumé.--Glossaire.--Lectures suggérées. Données de catalogage avant publication (Canada) imprimées dans cette publication. |
| 563 | |aCouverture souple |
| 590 | |a95-29|b1995-07-21 |
| 691 | 07|aSol|2gcpds |
| 691 | 07|aAgriculture|2gcpds |
| 720 | 1 |aActon, D. F. |
| 720 | 1 |aGregorich, L. J. |
| 775 | 08|tThe health of our soils : |w(CaOODSP)9.645821 |
| 986 | |aPublication 1906/F |